| 000 | 00980nam a22003017a 4500 | ||
|---|---|---|---|
| 001 | 5122 | ||
| 003 | FISKH | ||
| 005 | 20241107084339.0 | ||
| 008 | 241107b cb ||||| |||| 00| 0 eng d | ||
| 020 | _a078073003990 | ||
| 040 |
_aFISKH _beng _cFISKH _dFISKH |
||
| 050 | _aPZ8.M551155 | ||
| 082 | _a428 | ||
| 100 |
_aMedearis, Shelf Angela _d(1956-) |
||
| 245 |
_aHere comes the snow / _cby Angela Shelf Medearis Illustrated by Maxie Chambliss |
||
| 250 | _aFirst printing in 1996 | ||
| 260 |
_aNew York : _bScholastic, _c1996. |
||
| 300 |
_a29 pages : _bColor illustrations ; _c23 cm |
||
| 505 | _aE | ||
| 520 | _aAfter waiting anxiously for the arrival of snow, children enjoy it by making snow angels, throwing snowballs, and riding their sleds. | ||
| 521 | 8 |
_a210L
_bLexile |
|
| 521 | 8 |
_aE
_bRaz-Plus |
|
| 650 |
_2Seasons _aSledding _vWinter |
||
| 650 |
_2Weather _aFiction |
||
| 700 |
_aChambliss, Maxie _dIllustrator |
||
| 942 |
_2ddc _cBK _n0 |
||
| 999 |
_c5122 _d5122 |
||